000 00421nam a22001217a 4500
008 230612b xxu||||| |||| 00| 0 eng d
082 _a354.676
_bGOK
100 _cGOK
245 _a2009/2010 District Allocation Budget and Project Details of the GOK for the Year Ending 30th June, 2010
_bVote R 20 and D20
_cMinistry of Water and Irrigation
260 _aNairobi, Kenya
_bGOK
_cJune 2010
300 _a115p
942 _2ddc
_cBK
999 _c1068
_d1068